000
00315nam a2200133Ia 4500
008
191201s2009 xx 000 0 und d
100
_a
GUPTA, Shashi K
245
0
_a
Financial Institutions and Markets
250
_a
rev.
260
_a
N.Delhi
_b
kalyani
_c
2009
300
_a
21.40
650
_a
MBA
942
_2
ddc
_c
BK
999
_c
4148
_d
4148